[Event "Hampshire Major"]
[Site "Fareham"]
[Date "2022.11.06"]
[Round "5"]
[White "Pinto, Phil"]
[Black "Torrance, John"]
[Result "1/2-1/2"]
[WhiteElo "1721"]
[BlackElo "1670"]
[PlyCount "106"]
[EventDate "2022.11.04"]
[EventType "swiss"]
[EventRounds "6"]
[EventCountry "ENG"]
[SourceVersionDate "2022.12.05"]

1. d4 d6 2. c4 Nf6 3. Nc3 Nbd7 4. e4 e5 5. d5 Be7 6. f4 a6 7. Nf3 O-O 8. Be2
Re8 9. b4 b6 10. O-O Bf8 11. Qc2 Bb7 12. a3 c6 13. fxe5 Nxe5 14. Nxe5 dxe5 15.
Bg5 Be7 16. Rad1 Nd7 17. Be3 cxd5 18. Nxd5 Bxd5 19. Rxd5 Qc7 20. Rdd1 Rad8 21.
Rc1 f6 22. Kh1 Nf8 23. c5 bxc5 24. Bxa6 Ra8 25. Qc4+ Kh8 26. b5 Nd7 27. Qf7 Nb6
28. Rxc5 Qd8 29. Rc3 Na4 30. Rb3 Bc5 31. Qc4 Bxe3 32. Rxe3 Qd4 33. Qxd4 exd4
34. Rd3 Nc5 35. Rxd4 Nxa6 36. bxa6 Rxa6 37. a4 Rea8 38. Rc1 h6 39. Ra1 Ra5 40.
g3 Kg8 41. Kg2 R8a7 42. Kf3 Kf7 43. Kf4 Ke6 44. g4 h5 45. h3 hxg4 46. hxg4 g5+
47. Ke3 Ke5 48. Rb4 Rc7 49. Ra3 Rc1 50. Rb5+ Rxb5 51. axb5 Rb1 52. Ra5 Kd6 53.
Ra6+ Ke5 1/2-1/2

[Event "Hampshire Major"]
[Site "Fareham"]
[Date "2022.11.06"]
[Round "5"]
[White "Archer Lock, Helen"]
[Black "Syed, Ashraf"]
[Result "1-0"]
[WhiteElo "1595"]
[BlackElo "1714"]
[PlyCount "91"]
[EventDate "2022.11.04"]
[EventType "swiss"]
[EventRounds "6"]
[EventCountry "ENG"]
[SourceVersionDate "2022.12.05"]

1. d4 d6 2. c4 c6 3. Nf3 Bg4 4. e4 Nd7 5. Nc3 Qc7 6. Be3 Ngf6 7. Be2 e5 8. d5
Be7 9. O-O O-O 10. Rc1 Nc5 11. Qc2 Bh5 12. b4 Ncd7 13. Qb1 Bg6 14. Nh4 Ne8 15.
Nf5 Bxf5 16. exf5 Nef6 17. Bd3 Rfb8 18. Kh1 Qd8 19. f3 Nh5 20. g4 Nf4 21. Be4
Rc8 22. dxc6 bxc6 23. b5 Nf6 24. Bxc6 Rxc6 25. bxc6 Rb8 26. Nb5 Ne8 27. Bxa7
Rc8 28. c7 Nxc7 29. Bb6 Qd7 30. Bxc7 Rxc7 31. Nxc7 Qxc7 32. Qb5 h6 33. Rb1 Kh7
34. a4 Ne2 35. c5 Nd4 36. Qb6 Qd7 37. c6 Nxc6 38. Qb7 Qe8 39. Rfc1 Nd4 40. Rc7
Bf6 41. Rxf7 Kg8 42. Qd7 Qa8 43. Qb7 Qxa4 44. Rxf6 Qc4 45. Qf7+ Qxf7 46. Rb8+
1-0

[Event "Hampshire Major"]
[Site "Fareham"]
[Date "2022.11.06"]
[Round "5"]
[White "Sharples, Harry"]
[Black "Belinger, John"]
[Result "1-0"]
[WhiteElo "1794"]
[BlackElo "1668"]
[PlyCount "93"]
[EventDate "2022.11.04"]
[EventType "swiss"]
[EventRounds "6"]
[EventCountry "ENG"]
[SourceVersionDate "2022.12.05"]

1. d4 d5 2. c4 e6 3. Nc3 Nf6 4. Bg5 Be7 5. Qc2 O-O 6. e3 h6 7. h4 b6 8. cxd5
Nxd5 9. Nxd5 exd5 10. Bf4 Bd6 11. Bxd6 Qxd6 12. a3 c5 13. dxc5 bxc5 14. Rc1 c4
15. Rd1 Qc6 16. Be2 Bb7 17. Bf3 Qb5 18. Ne2 Rd8 19. O-O Na6 20. Nc3 Qa5 21. Rd4
Nc7 22. Rfd1 Ne6 23. R4d2 Nc7 24. e4 d4 25. Rxd4 Rxd4 26. Rxd4 Ba6 27. Be2 Ne6
28. Rd1 Rd8 29. Rxd8+ Qxd8 30. Nd5 Nd4 31. Qd1 Nxe2+ 32. Qxe2 Qa5 33. Qd1 Qc5
34. Qc2 Qa5 35. Qc3 Qa4 36. Ne3 Qb5 37. Kh2 Qa4 38. Nf5 f6 39. Qd2 Qe8 40. Qf4
Kh8 41. Qc7 Qf8 42. Qxa7 Bb5 43. a4 Bc6 44. f3 Kh7 45. h5 Kh8 46. a5 Ba4 47.
Qb7 1-0

[Event "Hampshire Major"]
[Site "Fareham"]
[Date "2022.11.06"]
[Round "5"]
[White "Lawrence, Simon"]
[Black "O'Gorman, Brendan"]
[Result "0-1"]
[WhiteElo "1718"]
[BlackElo "1743"]
[PlyCount "118"]
[EventDate "2022.11.04"]
[EventType "swiss"]
[EventRounds "6"]
[EventCountry "ENG"]
[SourceVersionDate "2022.12.05"]

1. e4 c5 2. Nc3 e6 3. Bc4 Nc6 4. f4 Nge7 5. d3 d5 6. exd5 exd5 7. Bb5 a6 8.
Bxc6+ Nxc6 9. Nf3 Be7 10. O-O O-O 11. Kh1 Bg4 12. h3 Bxf3 13. Qxf3 Nd4 14. Qf2
Nf5 15. Ne2 d4 16. Qf3 Re8 17. g4 Nh4 18. Qf2 Qd5+ 19. Kg1 Bd6 20. Ng3 f5 21.
gxf5 Nxf5 22. Ne4 Re6 23. Bd2 Rg6+ 24. Kh2 Re8 25. Rg1 Ree6 26. b3 Be7 27. Ng5
Bxg5 28. Rxg5 Rxg5 29. fxg5 Ne3 30. c4 Qxg5 31. Rg1 Qe5+ 32. Qg3 Qxg3+ 33. Kxg3
Kf7 34. Kf2 h6 35. Rg3 Nd1+ 36. Kf1 Nc3 37. a4 g5 38. Rg2 Nd1 39. Kg1 Ne3 40.
Re2 Nf5 41. Rf2 Kg6 42. Kg2 h5 43. a5 Ne3+ 44. Kg1 Re5 45. Rf3 Rf5 46. Rf2 Rxf2
47. Kxf2 Nf5 48. Kf3 Nd6 49. b4 Kf5 50. bxc5 Nf7 51. Bb4 Ne5+ 52. Ke2 g4 53.
hxg4+ Kxg4 54. c6 Nxc6 55. Bd6 h4 56. Kf2 h3 57. c5 Nxa5 58. Be5 Nc6 59. Bd6 a5
0-1

[Event "Hampshire Major"]
[Site "Fareham"]
[Date "2022.11.06"]
[Round "5"]
[White "Sawers, Kevin"]
[Black "Stout, Nick"]
[Result "0-1"]
[WhiteElo "1658"]
[BlackElo "1735"]
[PlyCount "62"]
[EventDate "2022.11.04"]
[EventType "swiss"]
[EventRounds "6"]
[EventCountry "ENG"]
[SourceVersionDate "2022.12.05"]

1. e4 d5 2. exd5 Qxd5 3. Nf3 Nf6 4. c4 Qe4+ 5. Be2 Bf5 6. Nc3 Qc2 7. Qxc2 Bxc2
8. Nd4 Be4 9. O-O Nc6 10. Nxc6 Bxc6 11. d4 e6 12. f3 Be7 13. Be3 O-O 14. a3 a5
15. Bd3 Rfd8 16. Ne4 b6 17. g4 Rd7 18. g5 Nxe4 19. Bxe4 Bxe4 20. fxe4 Re8 21.
Rad1 c6 22. h4 f6 23. d5 exd5 24. Bxb6 Rb7 25. Bxa5 Bc5+ 26. Kh1 Rxb2 27. gxf6
Rxe4 28. f7+ Kf8 29. Rd2 Rxh4+ 30. Kg2 Rxd2+ 31. Bxd2 Rxc4 0-1

[Event "Hampshire Major"]
[Site "Fareham"]
[Date "2022.11.06"]
[Round "5"]
[White "Sellen, John R"]
[Black "Moore, Gillian A"]
[Result "1-0"]
[WhiteElo "1583"]
[BlackElo "1678"]
[PlyCount "65"]
[EventDate "2022.11.04"]
[EventType "swiss"]
[EventRounds "6"]
[EventCountry "ENG"]
[SourceVersionDate "2022.12.05"]

1. f4 e5 2. fxe5 d6 3. exd6 Bxd6 4. Nf3 g5 5. g3 g4 6. Nh4 Ne7 7. d4 Nbc6 8. c3
Ng6 9. Nxg6 hxg6 10. Qd3 Bf5 11. e4 Qe7 12. Bg2 O-O-O 13. Be3 Rhe8 14. Nd2 f6
15. O-O-O g5 16. Rde1 Bg6 17. Qe2 Bh5 18. Rhf1 a6 19. Qf2 Rf8 20. Qe2 Qe8 21.
Bg1 Kb8 22. Nc4 Be7 23. Ne3 Qd7 24. Nf5 Bf7 25. Kb1 Na5 26. d5 b5 27. Qe3 c5
28. dxc6 Nxc6 29. e5 Nxe5 30. Qb6+ Kc8 31. Qxa6+ Kb8 32. Qa8+ Kc7 33. Qb7# 1-0

[Event "Hampshire Major"]
[Site "Fareham"]
[Date "2022.11.06"]
[Round "6"]
[White "Baron, Patrik"]
[Black "Agostinelli, David R"]
[Result "1-0"]
[WhiteElo "1750"]
[BlackElo "1761"]
[PlyCount "81"]
[EventDate "2022.11.04"]
[EventType "swiss"]
[EventRounds "6"]
[EventCountry "ENG"]
[SourceVersionDate "2022.12.05"]

1. e4 d6 2. d4 Nf6 3. Nc3 g6 4. Be3 c6 5. Qd2 b5 6. a3 Nbd7 7. Nf3 Nb6 8. Bd3
Nc4 9. Bxc4 bxc4 10. e5 Nd5 11. exd6 Qxd6 12. Ne4 Qc7 13. Ne5 Nxe3 14. fxe3 Bg7
15. Nxc4 O-O 16. O-O Qd7 17. Nc5 Qd5 18. b3 e5 19. c3 exd4 20. exd4 Qh5 21.
Rae1 Bg4 22. Ne5 Bh6 23. Qf2 f6 24. Nxg4 Qxg4 25. Re4 Qc8 26. Rfe1 Rf7 27. Re6
Bg5 28. h4 Qf8 29. hxg5 fxg5 30. Qe3 Qh6 31. Re8+ Rxe8 32. Qxe8+ Rf8 33. Qe6+
Kg7 34. Qh3 Qxh3 35. gxh3 Rf3 36. Kg2 Rxc3 37. Re7+ Kf6 38. Rxh7 Rc2+ 39. Kg3
a5 40. Rc7 Rc3+ 41. Kg4 1-0

[Event "Hampshire Major"]
[Site "Fareham"]
[Date "2022.11.06"]
[Round "6"]
[White "Bradley, William"]
[Black "Collyer, David"]
[Result "0-1"]
[WhiteElo "1827"]
[BlackElo "1692"]
[PlyCount "70"]
[EventDate "2022.11.04"]
[EventType "swiss"]
[EventRounds "6"]
[EventCountry "ENG"]
[SourceVersionDate "2022.12.05"]

1. e4 c5 2. Nc3 Nc6 3. f4 e6 4. Nf3 d5 5. Bb5 Nge7 6. d3 d4 7. Ne2 a6 8. Bxc6+
Nxc6 9. O-O b5 10. Ng3 f5 11. exf5 exf5 12. Re1+ Be7 13. Ng5 O-O 14. Ne6 Bxe6
15. Rxe6 Qd7 16. Re1 Bh4 17. Bd2 Bxg3 18. hxg3 Qd5 19. Kf2 Rae8 20. Qf3 Qxf3+
21. Kxf3 h5 22. a3 Rxe1 23. Rxe1 Kf7 24. b4 c4 25. dxc4 bxc4 26. c3 d3 27. a4
Re8 28. Rxe8 Kxe8 29. Ke3 Kd7 30. a5 Kd6 31. Be1 Kd5 32. Bf2 Na7 33. Kd2 Nb5
34. Kc1 Nxc3 35. Kd2 Ne4+ 0-1

[Event "Hampshire Major"]
[Site "Fareham"]
[Date "2022.11.06"]
[Round "6"]
[White "Walters, Philip"]
[Black "Appleby, Stephen"]
[Result "1/2-1/2"]
[WhiteElo "1736"]
[BlackElo "1885"]
[PlyCount "36"]
[EventDate "2022.11.04"]
[EventType "swiss"]
[EventRounds "6"]
[EventCountry "ENG"]
[SourceVersionDate "2022.12.05"]

1. d4 Nf6 2. c4 g6 3. Nc3 Bg7 4. e4 d6 5. Bg5 h6 6. Bh4 O-O 7. Nge2 c5 8. d5
Qa5 9. f3 Bd7 10. Qd2 Na6 11. Nc1 Qd8 12. Be2 Nc7 13. O-O g5 14. Bg3 Nh5 15. f4
Nxg3 16. hxg3 Bd4+ 17. Kh2 e5 18. f5 f6 1/2-1/2

[Event "Hampshire Major"]
[Site "Fareham"]
[Date "2022.11.06"]
[Round "6"]
[White "Jones, Eric"]
[Black "Edney, Richard"]
[Result "0-1"]
[WhiteElo "1703"]
[BlackElo "1859"]
[PlyCount "78"]
[EventDate "2022.11.04"]
[EventType "swiss"]
[EventRounds "6"]
[EventCountry "ENG"]
[SourceVersionDate "2022.12.05"]

1. c4 Nf6 2. g3 g6 3. Bg2 Bg7 4. Nc3 d6 5. d4 O-O 6. e3 Nbd7 7. Nf3 c6 8. O-O
Qc7 9. b3 e5 10. Bb2 Re8 11. Rc1 Nf8 12. d5 c5 13. Nd2 Bd7 14. a3 a6 15. b4 b6
16. e4 Qc8 17. f4 exf4 18. Rxf4 Ng4 19. Bh3 Bd4+ 20. Kh1 Nf2+ 21. Rxf2 Bxf2 22.
Bxd7 Nxd7 23. Qf3 Bd4 24. Rf1 Ne5 25. Qf4 Qd7 26. Qh6 cxb4 27. axb4 Rab8 28.
Nb3 Bxc3 29. Bxc3 Qg4 30. Nd2 Rb7 31. Rf4 Qe2 32. Nf3 Qf1+ 33. Ng1 Qd3 34. Bb2
Qxc4 35. Nh3 Qe2 36. Ng5 f5 37. Bxe5 dxe5 38. Ne6 Rxe6 39. dxe6 Rc7 $138 {
... White lost on time, 39.} 0-1

[Event "Hampshire Major"]
[Site "Fareham"]
[Date "2022.11.06"]
[Round "6"]
[White "McClatchey, Rob"]
[Black "Wicken, Jack"]
[Result "1/2-1/2"]
[WhiteElo "1838"]
[BlackElo "1684"]
[PlyCount "35"]
[EventDate "2022.11.04"]
[EventType "swiss"]
[EventRounds "6"]
[EventCountry "ENG"]
[SourceVersionDate "2022.12.05"]

1. e4 e5 2. d4 exd4 3. Bc4 Nc6 4. Nf3 h6 5. Nxd4 Nf6 6. Nxc6 bxc6 7. e5 d5 8.
exf6 dxc4 9. Qxd8+ Kxd8 10. fxg7 Bxg7 11. O-O Bf5 12. Na3 Rb8 13. Nxc4 Bxc2 14.
Ne3 Bg6 15. Rd1+ Kc8 16. Rd2 Rd8 17. Rxd8+ Kxd8 18. Nc4 1/2-1/2

[Event "Hampshire Major"]
[Site "Fareham"]
[Date "2022.11.06"]
[Round "6"]
[White "Holmes, David"]
[Black "Jackson, Lewis"]
[Result "1-0"]
[WhiteElo "1786"]
[BlackElo "1435"]
[PlyCount "41"]
[EventDate "2022.11.04"]
[EventType "swiss"]
[EventRounds "6"]
[EventCountry "ENG"]
[SourceVersionDate "2022.12.05"]

1. e4 c6 2. d4 d5 3. Nc3 dxe4 4. Bc4 Nf6 5. f3 exf3 6. Nxf3 Bf5 7. O-O e6 8.
Ng5 Bg6 9. Ne2 h6 10. Nxe6 fxe6 11. Nf4 Bf7 12. Nxe6 Bxe6 13. Bxe6 Qc7 14. Qd3
Bd6 15. Qg6+ Kd8 16. Rxf6 gxf6 17. Qxf6+ Qe7 18. Qxh8+ Kc7 19. Qxh6 Kb6 20. Bg5
Qc7 21. Rf1 1-0

[Event "Hampshire Major"]
[Site "Fareham"]
[Date "2022.11.06"]
[Round "6"]
[White "Morrison, Joseph"]
[Black "Stuart, Graham B"]
[Result "1/2-1/2"]
[WhiteElo "1656"]
[BlackElo "1767"]
[PlyCount "22"]
[EventDate "2022.11.04"]
[EventType "swiss"]
[EventRounds "6"]
[EventCountry "ENG"]
[SourceVersionDate "2022.12.05"]

1. c4 Nf6 2. Nc3 g6 3. g3 Bg7 4. Bg2 O-O 5. d3 d6 6. Nf3 Nc6 7. O-O e5 8. Bg5
h6 9. Bxf6 Bxf6 10. Qd2 Bg7 11. Rab1 a5 1/2-1/2

[Event "Hampshire Major"]
[Site "Fareham"]
[Date "2022.11.06"]
[Round "6"]
[White "Morrish, John"]
[Black "Crosswell, Neil"]
[Result "0-1"]
[WhiteElo "1643"]
[BlackElo "1758"]
[PlyCount "68"]
[EventDate "2022.11.04"]
[EventType "swiss"]
[EventRounds "6"]
[EventCountry "ENG"]
[SourceVersionDate "2022.12.05"]

1. e4 e6 2. b3 d5 3. Bb2 dxe4 4. Qe2 Nf6 5. Nc3 Be7 6. g4 b6 7. Nxe4 Bb7 8. Bg2
Nxe4 9. Bxe4 Bxe4 10. Qxe4 Qd5 11. Qxd5 exd5 12. O-O-O O-O 13. f4 Nd7 14. Nf3
Bf6 15. d4 Be7 16. h4 Bd6 17. Ne5 Nf6 18. g5 Nh5 19. Rhf1 f6 20. Nd3 fxg5 21.
fxg5 Bg3 22. Kb1 Rxf1 23. Rxf1 Re8 24. Ne5 Bxe5 25. dxe5 Ng3 26. Rf3 Ne4 27.
Kc1 Rf8 28. Rxf8+ Kxf8 29. Bd4 c5 30. Bg1 Ke7 31. a3 Ke6 32. Bh2 Nf2 33. Kd2
Ng4 34. b4 Nxh2 0-1

[Event "Hampshire Major"]
[Site "Fareham"]
[Date "2022.11.06"]
[Round "6"]
[White "Torrance, John"]
[Black "Wilcock, Peter"]
[Result "1/2-1/2"]
[WhiteElo "1670"]
[BlackElo "1789"]
[PlyCount "39"]
[EventDate "2022.11.04"]
[EventType "swiss"]
[EventRounds "6"]
[EventCountry "ENG"]
[SourceVersionDate "2022.12.05"]

1. b4 d5 2. Bb2 Bf5 3. e3 Nf6 4. c4 e6 5. a3 Nc6 6. Nf3 a6 7. cxd5 exd5 8. Be2
Bd6 9. d3 O-O 10. O-O Ne7 11. Qc2 Ng6 12. Nbd2 c6 13. Nb3 Qc7 14. h3 Rae8 15.
Nbd4 Bc8 16. Rac1 Ne5 17. Nxe5 Bxe5 18. Nf3 Bxb2 19. Qxb2 Re7 20. Qd4 1/2-1/2

[Event "Hampshire Major"]
[Site "Fareham"]
[Date "2022.11.06"]
[Round "6"]
[White "Jones, Tim"]
[Black "Arnold, Simon"]
[Result "1/2-1/2"]
[WhiteElo "1738"]
[BlackElo "1867"]
[PlyCount "52"]
[EventDate "2022.11.04"]
[EventType "swiss"]
[EventRounds "6"]
[EventCountry "ENG"]
[SourceVersionDate "2022.12.05"]

1. e4 e5 2. Nf3 Nc6 3. Bb5 a6 4. Ba4 Nf6 5. O-O Be7 6. Re1 b5 7. Bb3 O-O 8. c3
d5 9. exd5 Nxd5 10. a4 Bb7 11. axb5 axb5 12. Rxa8 Bxa8 13. d3 Nf4 14. Bxf4 exf4
15. Qe2 b4 16. d4 Bf6 17. Nbd2 bxc3 18. bxc3 Ne7 19. Ne4 Ng6 20. Nxf6+ Qxf6 21.
Ne5 Nxe5 22. Qxe5 Qc6 23. d5 Qb5 24. Ba2 Qa4 25. Qe2 Bb7 26. Bb1 Qd7 1/2-1/2

[Event "Hampshire Major"]
[Site "Fareham"]
[Date "2022.11.06"]
[Round "6"]
[White "Archer Lock, Helen"]
[Black "Sharples, Harry"]
[Result "0-1"]
[WhiteElo "1595"]
[BlackElo "1794"]
[PlyCount "124"]
[EventDate "2022.11.04"]
[EventType "swiss"]
[EventRounds "6"]
[EventCountry "ENG"]
[SourceVersionDate "2022.12.05"]

1. d4 d5 2. c4 e6 3. Nf3 Nf6 4. Nc3 Nbd7 5. Bg5 Be7 6. e3 a6 7. cxd5 exd5 8.
Be2 c6 9. O-O Bd6 10. e4 dxe4 11. Nxe4 Be7 12. Nxf6+ Nxf6 13. Qb3 O-O 14. Bc4
b5 15. Bd3 Bg4 16. Ne5 Be6 17. Qc2 h6 18. Nxc6 Qd7 19. Nxe7+ Qxe7 20. Bf4 Nd5
21. Be5 Nb4 22. Bh7+ Kh8 23. Qb1 f5 24. Bg6 Qg5 25. Bd6 Nc6 26. Bxf8 Rxf8 27.
Qd1 Bd5 28. f3 Qxg6 29. Rc1 Rf6 30. Rc5 Rd6 31. Qe2 Kh7 32. Qf2 Qf6 33. Rd1
Bxa2 34. d5 Nb4 35. Qd4 Qxd4+ 36. Rxd4 Bc4 37. b3 Nd3 38. Rc6 Rxd5 39. Rxd5
Bxd5 40. Rd6 Nb4 41. Kf2 Bxb3 42. Rd4 a5 43. Ke2 Bc4+ 44. Kd2 a4 45. Kc3 Nd5+
46. Kb2 Ne3 47. g4 fxg4 48. fxg4 Kg6 49. h3 Kg5 50. Re4 Ng2 51. Re5+ Kh4 52.
Rh5+ Kg3 53. Ka3 Nf4 54. Re5 Kxh3 55. g5 h5 56. g6 h4 57. Rg5 Kh2 58. Rg4 Ng2
59. Kb4 h3 60. Rd4 Kg3 61. Rd8 h2 62. Rh8 Nf4 0-1

[Event "Hampshire Major"]
[Site "Fareham"]
[Date "2022.11.06"]
[Round "6"]
[White "Ferreira, Erico"]
[Black "Anderson, Tom"]
[Result "0-1"]
[WhiteElo "1592"]
[BlackElo "1757"]
[PlyCount "96"]
[EventDate "2022.11.04"]
[EventType "swiss"]
[EventRounds "6"]
[EventCountry "ENG"]
[SourceVersionDate "2022.12.05"]

1. b3 e5 2. Bb2 d6 3. g3 Nf6 4. Bg2 Be7 5. Nc3 O-O 6. e3 c6 7. Nge2 Qc7 8. d4
Nbd7 9. O-O Re8 10. Rc1 Nf8 11. Qd2 Ng6 12. e4 Bd7 13. h3 Rad8 14. d5 h6 15. f4
exf4 16. Nxf4 Ne5 17. Nd3 Ng6 18. Nf4 Ne5 19. Kh2 Nh7 20. Nce2 Bf6 21. c4 c5
22. Nc3 a6 23. Qe2 Qc8 24. Rf2 Ng5 25. Rcf1 Rf8 26. Na4 Rde8 27. Nb6 Qc7 28.
Nxd7 Nxd7 29. Nh5 Bxb2 30. Qxb2 Ne5 31. g4 b5 32. cxb5 axb5 33. Rc2 b4 34. Ng3
g6 35. a3 bxa3 36. Qxa3 Ra8 37. Qb2 Qb6 38. Rb1 Rfb8 39. Bf1 Ngf3+ 40. Kh1 Nd4
41. Rc3 Qb4 42. Ne2 Nxe2 43. Bxe2 Qxe4+ 44. Kh2 Qf4+ 45. Kh1 Qb4 46. Qc1 Kg7
47. Qe3 Ra2 48. Rf1 Rxe2 0-1

[Event "Hampshire Major"]
[Site "Fareham"]
[Date "2022.11.06"]
[Round "6"]
[White "O'Gorman, Brendan"]
[Black "Pinto, Phil"]
[Result "1/2-1/2"]
[WhiteElo "1743"]
[BlackElo "1721"]
[PlyCount "63"]
[EventDate "2022.11.04"]
[EventType "swiss"]
[EventRounds "6"]
[EventCountry "ENG"]
[SourceVersionDate "2022.12.05"]

1. c4 c5 2. Nf3 Nf6 3. d4 cxd4 4. Nxd4 e5 5. Nb5 d6 6. g3 a6 7. N5c3 Bf5 8. Bg2
Nc6 9. O-O Be7 10. Bg5 O-O 11. Bxf6 Bxf6 12. Nd5 e4 13. Nbc3 Bxc3 14. Nxc3 Re8
15. e3 Nb4 16. Qd2 Nd3 17. Bxe4 Rxe4 18. Qxd3 Re5 19. e4 Bh3 20. Rfd1 Qf6 21.
f4 Rc5 22. Qxd6 Qxd6 23. Rxd6 Rxc4 24. Rad1 Kf8 25. Rb6 Rb8 26. Kf2 Rc7 27. Rd2
Ke8 28. Ke3 Rd8 29. Rbd6 Rxd6 30. Rxd6 Bf1 31. e5 Bc4 32. b3 1/2-1/2

[Event "Hampshire Major"]
[Site "Fareham"]
[Date "2022.11.06"]
[Round "6"]
[White "Stout, Nick"]
[Black "Dore, Alex"]
[Result "1-0"]
[WhiteElo "1735"]
[BlackElo "1700"]
[PlyCount "65"]
[EventDate "2022.11.04"]
[EventType "swiss"]
[EventRounds "6"]
[EventCountry "ENG"]
[SourceVersionDate "2022.12.05"]

1. d4 Nf6 2. e3 e6 3. Bd3 c5 4. c3 Nc6 5. Nf3 d5 6. Nbd2 Bd7 7. O-O cxd4 8.
exd4 g6 9. Ne5 Nxe5 10. dxe5 Ng8 11. Nf3 Ne7 12. Bf4 Qb6 13. Qe2 Bg7 14. a4 O-O
15. Rfe1 Nc6 16. Be3 Qc7 17. Bc5 Rfe8 18. Bd6 Qd8 19. h3 Bf8 20. Bxf8 Rxf8 21.
Qe3 f6 22. exf6 Qxf6 23. Ng5 Rae8 24. Qg3 e5 25. h4 a6 26. Bc2 Bf5 27. Bb3 Rd8
28. Rad1 Be6 29. Nxe6 Qxe6 30. Qd3 Ne7 31. Qg3 Rf4 32. Qxf4 exf4 33. Rxe6 1-0

[Event "Hampshire Major"]
[Site "Fareham"]
[Date "2022.11.06"]
[Round "6"]
[White "Blanden, Edward A"]
[Black "Horlock, Peter"]
[Result "1-0"]
[WhiteElo "1724"]
[BlackElo "1677"]
[PlyCount "109"]
[EventDate "2022.11.04"]
[EventType "swiss"]
[EventRounds "6"]
[EventCountry "ENG"]
[SourceVersionDate "2022.12.05"]

1. c4 e5 2. Nc3 Nf6 3. Nf3 Nc6 4. e3 d5 5. cxd5 Nxd5 6. Bb5 f6 7. Bxc6+ bxc6 8.
O-O Ba6 9. Re1 Bd3 10. a3 Qd7 11. b4 a5 12. bxa5 Rxa5 13. Bb2 Be7 14. Qb3 Nxc3
15. Bxc3 Rb5 16. Qa2 Be4 17. d4 Bxf3 18. gxf3 Qh3 19. Qc4 Qxf3 20. a4 Qg4+ 21.
Kf1 Rc5 22. Qb3 exd4 23. Bxd4 Rh5 24. Qd1 Qxd1 25. Rexd1 Rxh2 26. a5 Rh1+ 27.
Ke2 Rxd1 28. Kxd1 c5 29. Bc3 Kd7 30. Ke2 Ra8 31. Rh1 h6 32. f4 Kc6 33. Rh5 Kb7
34. e4 Ka6 35. e5 fxe5 36. fxe5 c6 37. Kd3 Rb8 38. Kc4 Rb7 39. e6 Bf6 40. Bxf6
gxf6 41. Rxc5 Rb8 42. Rxc6+ Kxa5 43. Rc5+ Ka6 44. Kd5 Kb6 45. Rc6+ Kb5 46. Kd6
Ra8 47. Rc7 Ra6+ 48. Kd7 Ra1 49. e7 Rd1+ 50. Ke8 Kb6 51. Rc2 Ra1 52. Kf7 Ra7
53. Kxf6 Ra8 54. Kf7 Ra7 55. Kf8 1-0

[Event "Hampshire Major"]
[Site "Fareham"]
[Date "2022.11.06"]
[Round "6"]
[White "Syed, Ashraf"]
[Black "Lawrence, Simon"]
[Result "1/2-1/2"]
[WhiteElo "1714"]
[BlackElo "1718"]
[PlyCount "70"]
[EventDate "2022.11.04"]
[EventType "swiss"]
[EventRounds "6"]
[EventCountry "ENG"]
[SourceVersionDate "2022.12.05"]

1. d4 Nf6 2. Bf4 e6 3. Nf3 c5 4. e3 Be7 5. Nc3 cxd4 6. exd4 O-O 7. Bd3 Nc6 8.
Nb5 d6 9. O-O a6 10. Nc3 b5 11. a3 Bb7 12. Ne4 Rc8 13. Nxf6+ Bxf6 14. c3 Re8
15. Re1 Qd7 16. Bg5 Qd8 17. h4 h6 18. Bxh6 gxh6 19. Qd2 Bg7 20. Re3 Qf6 21.
Rae1 Ne7 22. Nh2 h5 23. Rg3 Kf8 24. Nf3 Bxf3 25. Rxf3 Nf5 26. Qf4 Bh6 27. Qxd6+
Nxd6 28. Rxf6 Bg7 29. Rf3 Nc4 30. Re2 Nb6 31. Bg6 Rc7 32. Bxh5 Nd5 33. Bg4 Kg8
34. Rg3 Kf8 35. Rf3 Kg8 1/2-1/2

[Event "Hampshire Major"]
[Site "Fareham"]
[Date "2022.11.06"]
[Round "6"]
[White "Belinger, John"]
[Black "Sellen, John R"]
[Result "1-0"]
[WhiteElo "1668"]
[BlackElo "1583"]
[PlyCount "51"]
[EventDate "2022.11.04"]
[EventType "swiss"]
[EventRounds "6"]
[EventCountry "ENG"]
[SourceVersionDate "2022.12.05"]

1. e4 b6 2. d4 Bb7 3. Bd3 g6 4. Qe2 a6 5. Nf3 Bg7 6. O-O h6 7. c3 e6 8. Bf4 d6
9. Nbd2 Ne7 10. Rad1 Nd7 11. Rfe1 b5 12. e5 d5 13. Nb3 Rc8 14. Na5 Ba8 15. b4
Nc6 16. Nxc6 Bxc6 17. Qc2 Nf8 18. h3 h5 19. Bg5 Qd7 20. Nh4 Bb7 21. f4 Bc6 22.
Rf1 Ra8 23. Rde1 a5 24. a3 a4 25. f5 Bb7 26. fxg6 1-0

[Event "Hampshire Major"]
[Site "Fareham"]
[Date "2022.11.06"]
[Round "6"]
[White "Moore, Gillian A"]
[Black "Sawers, Kevin"]
[Result "1-0"]
[WhiteElo "1678"]
[BlackElo "1658"]
[PlyCount "55"]
[EventDate "2022.11.04"]
[EventType "swiss"]
[EventRounds "6"]
[EventCountry "ENG"]
[SourceVersionDate "2022.12.05"]

1. d4 Nf6 2. Bg5 h6 3. Bh4 d6 4. e3 Nbd7 5. c4 g5 6. Bg3 c5 7. Nc3 Qa5 8. Bd3
cxd4 9. exd4 Bg7 10. h3 Qb6 11. Nge2 Nh5 12. Nd5 Qd8 13. Bh2 Nhf6 14. Ne3 Nb6
15. O-O e6 16. Rc1 O-O 17. c5 dxc5 18. dxc5 Nbd5 19. Nxd5 Nxd5 20. Bd6 Re8 21.
Bb1 Bf8 22. Qd3 f5 23. Bxf8 Rxf8 24. Rfd1 Qf6 25. Qb3 Ne7 26. Rd6 Nd5 27. Rd1
Rd8 28. R1xd5 1-0